000 00703nam a2200217Ia 4500
001 15184
003 GE_BSU
008 181216s||||||||xx |||||||||||||| ||und||
040 _cGE_BSU
080 _a821.353.1-32
100 _aშამანაძე, ნოდარ
245 _aმაღალი კოშკი
245 _bმოთხრობები
245 _cრედ:ნანა კანდელაკი;მხატვ:დავით დუნდუა;
260 _aთბილისი.
260 _bსაბჭოთა საქართველო
260 _c1973
300 _a155გვ;17სმ.
653 _aმოთხრობები
942 _cBK
999 _c48297
_d48297